| 000 | 00831nam a22002777a 4500 | ||
|---|---|---|---|
| 003 | CHAP | ||
| 005 | 20220329140315.0 | ||
| 008 | 971013s1984 r 00010 d | ||
| 010 | _a50125 | ||
| 011 | _a51097 | ||
| 035 | _a55247 | ||
| 040 | _cCHAP | ||
| 082 |
_a631.51 _bP46 |
||
| 100 | 0 | 0 |
_aPhillips, Ronald E. _987835 |
| 245 |
_aNo-tillage agriculture _b: principles and practices |
||
| 260 |
_aNew York : _bVan Nostrand Reinhold, _c1984 |
||
| 300 |
_a306 p. _b: ilus. |
||
| 590 |
_aBATCH-UPD _b10 _c20130110 _lUCH01 _h0816 |
||
| 590 |
_aCONVERSION _b10 _c20130109 _lUCH01 _h1327 |
||
| 650 | 1 | 4 |
_aLabranza cero. _964307 |
| 650 | 1 | 4 |
_aSistemas de cultivo. _9106746 |
| 700 | 0 |
_aPhillips, Shirley H. _987837 |
|
| 901 | _aBK | ||
| 942 | _cLIBRO | ||
| 949 |
_a631.51 P46 _bBC _cLIBRO _d33724000081493 _eLIBRO _gI.144426 _h74672 _i55247 _si |
||
| 999 |
_c50125 _d50125 |
||